Physical electronics.
Guardado en:
| Hovedforfatter: | |
|---|---|
| Format: | Bog |
| Sprog: | English |
| Udgivet: |
Belmont, Californa., Wadsworth Pub. Co.
1961
|
| Fag: | |
| Tags: |
Tilføj Tag
Ingen Tags, Vær først til at tagge denne postø!
|
MARC
| LEADER | 00000nam a2200000Ia 4500 | ||
|---|---|---|---|
| 003 | 002653 | ||
| 005 | 20221231143943.0 | ||
| 008 | 140114s1961 caua 000 ||eng d | ||
| 040 | |c cru CEDI | ||
| 082 | |a 537.5 R172p | ||
| 100 | |a Ramey, Robert Lee. |9 20756 | ||
| 245 | |a Physical electronics. | ||
| 260 | |a Belmont, Californa., Wadsworth Pub. Co. |c 1961 | ||
| 300 | |a 356 páginas :ilustraciones. 24 cm. | ||
| 650 | |x ELECTRONICA FISICA |9 20757 | ||
| 942 | |2 ddc |c BK | ||
| 999 | |c 14735 |d 14735 | ||
